Sandwich - Sudden Death - Statistics

General Stats
  • This quiz has been taken 185 times
  • The average score is 6 of 16
Answers on the Grid
Answers color-coded by a green-red scale on the quiz's grid according to % correct below.
BLT
Flying Fish Cutters
Choripán
Yakisoba-pan
Risotto
Gazpacho
Minestrone
Laksa
Serranito
Grilled cheese
Croque-monsieur
Jambon-beurre
Khao jee pâté
Bandeja paisa
Butter tart
Tartiflette
Chipa guasu
Pan bagnat
Kottenbutter
Tourtière
Mjave lobio
Or lam
Waterblommetjie bredie
Bifana
Katsu-sando
Québec-style hot chicken
Philly cheesesteak
Pastrami on rye
 
Answer Stats
Answer % Correct
BLT
85%
Grilled cheese
85%
Philly cheesesteak
83%
Pastrami on rye
76%
Croque-monsieur
54%
Jambon-beurre
42%
Québec-style hot chicken
36%
Katsu-sando
32%
Pan bagnat
32%
Choripán
26%
Kottenbutter
20%
Khao jee pâté
19%
Yakisoba-pan
19%
Bifana
11%
Flying Fish Cutters
7%
Serranito
7%
No matching quizzes found
Score Distribution
Percent of People with Each Score
Percentile by Number Answered
Your Score History
You have not taken this quiz